Letterboxd Top 500 Narrative Features - Statistics

General Stats
  • This quiz has been taken 119 times
    7 since last reset
  • The average score is 233 of 500
Answer Stats
# Movie % Correct
3 12 Angry Men
100%
41 Apocalypse Now
100%
323 Boogie Nights
100%
4 Come and See
100%
200 Fight Club
100%
252 For a Few Dollars More
100%
31 GoodFellas
100%
26 Grave of the Fireflies
100%
1 Harakiri
100%
6 High and Low
100%
33 I Am Cuba
100%
16 Ikiru
100%
264 Inception
100%
35 Interstellar
100%
171 M
100%
389 Memento
100%
241 Metropolis
100%
273 Once Upon a Time in America
100%
78 Once Upon a Time in the West
100%
468 One Battle After Another
100%
433 Oppenheimer
100%
81 Persona
100%
415 Phantom Thread
100%
305 Raging Bull
100%
18 Ran
100%
53 Red Beard
100%
82 Scenes from a Marriage
100%
90 Se7en
100%
5 Seven Samurai
100%
25 The Dark Knight
100%
118 The Departed
100%
15 The Godfather
100%
8 The Godfather Part II
100%
20 The Good, the Bad and the Ugly
100%
184 The Green Mile
100%
2 The Human Condition III: A Soldier’s Prayer
100%
24 The Human Condition II: Road to Eternity
100%
9 The Human Condition I: No Greater Love
100%
77 The Lord of the Rings: The Fellowship of the Ring
100%
11 The Lord of the Rings: The Return of the King
100%
44 The Lord of the Rings: The Two Towers
100%
7 The Shawshank Redemption
100%
453 Three Colours: Blue
100%
123 Three Colours: Red
100%
202 Throne of Blood
100%
13 Yi Yi
100%
234 2001: A Space Odyssey
75%
22 A Brighter Summer Day
75%
190 Akira
75%
230 Alien
75%
401 Ali: Fear Eats the Soul
75%
99 All About Eve
75%
116 All That Jazz
75%
313 A Taxi Driver
75%
23 Autumn Sonata
75%
67 A Woman Under the Influence
75%
164 Before Sunrise
75%
144 Before Sunset
75%
182 Bicycle Thieves
75%
398 Cabaret
75%
192 Casablanca
75%
304 Casino
75%
160 Chinatown
75%
17 Cinema Paradiso
75%
302 Cries and Whispers
75%
112 Dead Poets Society
75%
163 Dersu Uzala
75%
126 Django Unchained
75%
153 Dog Day Afternoon
75%
85 Dune: Part Two
75%
180 Fail Safe
75%
49 Fanny and Alexander
75%
322 Good Morning
75%
84 Good Will Hunting
75%
151 Heat
75%
103 Howl’s Moving Castle
75%
39 It’s a Wonderful Life
75%
292 Kill Bill: Vol. 1
75%
21 La Haine
75%
62 Lawrence of Arabia
75%
19 Le Trou
75%
55 Life Is Beautiful
75%
493 Mr. Smith Goes to Washington
75%
214 Mulholland Drive
75%
212 Network
75%
161 Nirvanna the Band the Show the Movie
75%
14 Parasite
75%
34 Paths of Glory
75%
83 Perfect Blue
75%
145 Perfect Days
75%
50 Portrait of a Lady on Fire
75%
142 Project Hail Mary
75%
255 Pulp Fiction
75%
337 Rashomon
75%
266 Ratatouille
75%
486 Reservoir Dogs
75%
221 Saving Private Ryan
75%
12 Schindler’s List
75%
379 Shutter Island
75%
114 Singin’ in the Rain
75%
277 Solaris
75%
197 Some Like It Hot
75%
37 Spirited Away
75%
69 Stalker
75%
432 Star Wars
75%
43 Sunset Boulevard
75%
463 Terrorizers
75%
42 The Apartment
75%
237 The Bridge on the River Kwai
75%
464 The Conversation
75%
32 The Cranes Are Flying
75%
293 The Deer Hunter
75%
158 The Elephant Man
75%
65 The Empire Strikes Back
75%
222 The Fall
75%
174 The Father
75%
74 The Handmaiden
75%
260 The King of Comedy
75%
272 The Lion King
75%
218 The Night of the Hunter
75%
187 The Prestige
75%
56 The Red Shoes
75%
30 There Will Be Blood
75%
134 The Seventh Seal
75%
282 The Shining
75%
121 The Silence of the Lambs
75%
233 The Sound of Music
75%
213 The Tale of The Princess Kaguya
75%
109 The Thing
75%
271 Trainspotting
75%
125 Twin Peaks: Fire Walk with Me
75%
250 WALL·E
75%
128 Wild Strawberries
75%
150 Wings of Desire
75%
166 Yojimbo
75%
94 Z
75%
492 12th Fail
50%
459 3 Idiots
50%
198
50%
194 Ace in the Hole
50%
367 All About My Mother
50%
106 Amadeus
50%
208 A Matter of Life and Death
50%
436 American History X
50%
263 Amour
50%
258 An Autumn Afternoon
50%
38 Andrei Rublev
50%
80 An Elephant Sitting Still
50%
101 Army of Shadows
50%
115 A Special Day
50%
316 Au Revoir les Enfants
50%
60 Barry Lyndon
50%
138 Brief Encounter
50%
440 Brokeback Mountain
50%
108 Chainsaw Man – The Movie: Reze Arc
50%
289 Children of Heaven
50%
162 Children of Men
50%
169 Children of Paradise
50%
193 Chungking Express
50%
381 Citizen Kane
50%
131 City Lights
50%
10 City of God
50%
388 Cléo from 5 to 7
50%
54 Close-Up
50%
355 Coraline
50%
129 Das Boot
50%
362 Day for Night
50%
68 Do the Right Thing
50%
220 Double Indemnity
50%
259 Dreams
50%
156 Dr. Strangelove or: How I Learned to Stop Worrying and Love the Bomb
50%
249 Eternal Sunshine of the Spotless Mind
50%
183 Evangelion: 3.0+1.0 Thrice Upon a Time
50%
238 Everything Everywhere All at Once
50%
428 Fallen Angels
50%
165 Fantastic Mr. Fox
50%
64 Farewell My Concubine
50%
397 Forrest Gump
50%
343 Full Metal Jacket
50%
328 Gangs of Wasseypur – Part 2
50%
298 Happy Together
50%
475 How to Train Your Dragon
50%
119 I’m Still Here
50%
36 Incendies
50%
98 Inglourious Basterds
50%
87 In the Mood for Love
50%
326 In the Name of the Father
50%
223 I Swear
50%
399 It Happened One Night
50%
105 It’s Such a Beautiful Day
50%
351 Ivan’s Childhood
50%
210 Jeanne Dielman, 23, quai du Commerce, 1080 Bruxelles
50%
244 Kwaidan
50%
204 La Dolce Vita
50%
179 La Notte
50%
386 La Strada
50%
124 Late Spring
50%
487 Le Bonheur
50%
288 Le Samouraï
50%
380 Like Father, Like Son
50%
387 Little Women
50%
199 Look Back
50%
75 Love Exposure
50%
330 Love Streams
50%
275 Magnolia
50%
172 Malcolm X
50%
207 Mary and Max
50%
52 Memories of Murder
50%
261 Millennium Actress
50%
140 Mirror
50%
217 Modern Times
50%
120 Monster
50%
406 Mother
50%
434 Mulan
50%
347 My Neighbor Totoro
50%
59 Nights of Cabiria
50%
57 Nobody Knows
50%
148 No Country for Old Men
50%
186 Nostalgia
50%
96 Oldboy
50%
93 One Flew Over the Cuckoo’s Nest
50%
168 Opening Night
50%
107 Ordet
50%
500 Our Little Sister
50%
79 Paper Moon
50%
92 Paris, Texas
50%
72 Princess Mononoke
50%
127 Prisoners
50%
147 Psycho
50%
452 Raiders of the Lost Ark
50%
95 Rear Window
50%
196 Ritual
50%
130 Rocco and His Brothers
50%
483 Rope
50%
308 Rosemary’s Baby
50%
333 RRR
50%
457 Sanjuro
50%
71 Satantango
50%
447 Sentimental Value
50%
280 Shame
50%
91 Sherlock Jr.
50%
155 Shoplifters
50%
205 Sorcerer
50%
63 Spider-Man: Across the Spider-Verse
50%
70 Spider-Man: Into the Spider-Verse
50%
117 Still Walking
50%
248 Sweet Smell of Success
50%
431 Synecdoche, New York
50%
146 Tampopo
50%
136 Taste of Cherry
50%
177 Terminator 2: Judgment Day
50%
157 The 400 Blows
50%
40 The Ascent
50%
29 The Battle of Algiers
50%
231 The Best Years of Our Lives
50%
139 The Celebration
50%
267 The Devils
50%
219 The Face of Another
50%
348 The General
50%
449 The Gold Rush
50%
245 The Grand Budapest Hotel
50%
133 The Great Dictator
50%
462 The Hidden Fortress
50%
185 The Hunt
50%
189 The Iron Giant
50%
318 The Kid
50%
435 The Killer
50%
256 The Life and Death of Colonel Blimp
50%
170 The Lives of Others
50%
181 The Man Who Shot Liberty Valance
50%
47 The Passion of Joan of Arc
50%
61 The Pianist
50%
173 The Sacrifice
50%
254 The Third Man
50%
270 The Turin Horse
50%
485 The Umbrellas of Cherbourg
50%
437 The Virgin Spring
50%
73 The Voice of Hind Rajab
50%
100 The Wages of Fear
50%
141 The Young Girls of Rochefort
50%
377 Threads
50%
427 Through a Glass Darkly
50%
229 Tokyo Godfathers
50%
45 Tokyo Story
50%
216 Umberto D.
50%
281 Vertigo
50%
149 Werckmeister Harmonies
50%
86 Where Is the Friend’s House?
50%
203 Who’s Afraid of Virginia Woolf?
50%
476 Wild Tales
50%
225 Winter Light
50%
58 Witness for the Prosecution
50%
268 Your Name.
50%
296 Y Tu Mamá También
50%
420 12 Years a Slave
25%
460 3 Women
25%
232 4 Months, 3 Weeks and 2 Days
25%
495 About Elly
25%
422 After Life
25%
430 Alice in the Cities
25%
417 All About Lily Chou-Chou
25%
390 All Quiet on the Western Front
25%
385 All the President’s Men
25%
111 A Man Escaped
25%
227 A Moment of Innocence
25%
240 Anatomy of a Murder
25%
209 Aparajito
25%
358 A Prophet
25%
89 Apur Sansar
25%
489 Arrival
25%
88 A Separation
25%
311 A Silent Voice: The Movie
25%
176 Azur & Asmar: The Princes’ Quest
25%
332 Better Days
25%
409 Black Swan
25%
421 Blue Giant
25%
474 Breaking the Waves
25%
408 Butch Cassidy and the Sundance Kid
25%
365 Céline and Julie Go Boating
25%
104 Central Station
25%
321 Comrades, Almost a Love Story
25%
429 Cool Hand Luke
25%
290 Cria!
25%
195 Cure
25%
279 Dancer in the Dark
25%
363 Diabolique
25%
454 Dial M for Murder
25%
346 Dogville
25%
329 Drive My Car
25%
443 Eat Drink Man Woman
25%
269 Embrace of the Serpent
25%
66 Eternity and a Day
25%
466 Fargo
25%
488 Faust
25%
276 Fireworks
25%
132 Funeral Parade of Roses
25%
494 Get Out
25%
384 Gladiator
25%
395 Güeros
25%
325 HAIKYU!! The Dumpster Battle
25%
366 Hard Boiled
25%
478 Harry Potter and the Prisoner of Azkaban
25%
297 Hope
25%
110 How to Make Millions Before Grandma Dies
25%
215 Il Sorpasso
25%
345 In a Lonely Place
25%
498 In Cold Blood
25%
201 Interstella 5555: The 5tory of the 5ecret 5tar 5ystem
25%
291 Joint Security Area
25%
102 Judgment at Nuremberg
25%
262 Kagemusha
25%
246 Kamikaze Girls
25%
226 Kes
25%
469 Kiki’s Delivery Service
25%
356 Kumbalangi Nights
25%
97 Landscape in the Mist
25%
307 Le Cercle Rouge
25%
188 Life, and Nothing More…
25%
335 Linda Linda Linda
25%
295 Little Miss Sunshine
25%
499 Love Letter
25%
235 Macario
25%
419 Mad Max: Fury Road
25%
242 Marcel the Shell with Shoes On
25%
303 Meiyazhagan
25%
410 Memoir of a Snail
25%
455 Midnight Cowboy
25%
51 Mishima: A Life in Four Chapters
25%
143 Mommy
25%
336 Moonlight
25%
451 Mustang
25%
482 My Father’s Shadow
25%
353 My Life as a Zucchini
25%
418 My Night at Maud’s
25%
301 Mysterious Skin
25%
352 Nausicaä of the Valley of the Wind
25%
27 Neon Genesis Evangelion: The End of Evangelion
25%
458 Nine Queens
25%
361 North by Northwest
25%
327 Obsession
25%
402 Once Upon a Time in Anatolia
25%
479 One Sings, the Other Doesn’t
25%
413 On the Waterfront
25%
450 Pan’s Labyrinth
25%
439 Past Lives
25%
135 Pather Panchali
25%
309 Persepolis
25%
334 PlayTime
25%
253 Poetry
25%
442 Pride
25%
481 Pride & Prejudice
25%
373 Princes and Princesses
25%
154 Puella Magi Madoka Magica the Movie Part III: Rebellion
25%
441 Punishment Park
25%
236 Quo Vadis, Aida?
25%
113 Raise the Red Lantern
25%
491 Redline
25%
206 Rififi
25%
374 Rio Bravo
25%
46 Sansho the Bailiff
25%
470 Scarface
25%
461 Seconds
25%
178 Secrets & Lies
25%
426 Silenced
25%
152 Sing Sing
25%
446 Society of the Snow
25%
191 Song of the Sea
25%
239 Son of the White Mare
25%
382 Spring, Summer, Fall, Winter… and Spring
25%
370 Stand by Me
25%
391 Sunrise: A Song of Two Humans
25%
76 Swing Girls
25%
340 The Conformist
25%
159 The Cremator
25%
383 The Fire Within
25%
228 The First Slam Dunk
25%
416 The Green Ray
25%
224 The Holdovers
25%
312 The Last Picture Show
25%
456 The Leopard
25%
369 The Long Goodbye
25%
257 The Lovers on the Bridge
25%
286 The Man Who Sleeps
25%
394 The Matrix
25%
473 There’s Still Tomorrow
25%
357 The Return
25%
243 The Secret in Their Eyes
25%
480 The Servant
25%
375 The Shop Around the Corner
25%
414 The Spirit of the Beehive
25%
319 The Sting
25%
368 The Straight Story
25%
467 The Sword of Doom
25%
331 The Taste of Tea
25%
167 The Treasure of the Sierra Madre
25%
274 The White Ribbon
25%
444 The Wolf House
25%
285 They Shoot Horses, Don’t They?
25%
339 Through the Olive Trees
25%
251 Time of the Gypsies
25%
122 To Be or Not to Be
25%
396 Tokyo Sonata
25%
211 Ugetsu
25%
137 Underground
25%
324 Unforgiven
25%
247 Vada Chennai
25%
404 Vampire Hunter D: Bloodlust
25%
175 We All Loved Each Other So Much
25%
371 What Ever Happened to Baby Jane?
25%
48 Whiplash
25%
376 Whisper of the Heart
25%
300 Winter Sleep
25%
265 Wolfwalkers
25%
28 Woman in the Dunes
25%
299 A Dog’s Will
0%
338 A Face in the Crowd
0%
306 Aftersun
0%
350 Amélie
0%
378 Amores Perros
0%
314 Back to the Future
0%
287 Capernaum
0%
412 Carandiru
0%
393 Ernest & Celestine
0%
496 Fitzcarraldo
0%
315 Grand Illusion
0%
354 Hamnet
0%
438 Hiroshima Mon Amour
0%
471 I Dream in Another Language
0%
294 Investigation of a Citizen Above Suspicion
0%
344 Joyland
0%
360 Klaus
0%
423 Lilya 4-ever
0%
484 McCabe & Mrs. Miller
0%
341 Mind Game
0%
472 Monty Python and the Holy Grail
0%
411 Nashville
0%
320 Night Is Short, Walk On Girl
0%
477 Phantom of the Paradise
0%
465 Pink Floyd: The Wall
0%
342 Pixote
0%
359 Roman Holiday
0%
400 Rome, Open City
0%
497 Short Cuts
0%
425 Short Term 12
0%
490 Souleymane’s Story
0%
310 Sound of Metal
0%
392 The Children’s Hour
0%
364 The Cook, the Thief, His Wife & Her Lover
0%
403 The Exterminating Angel
0%
349 The Grapes of Wrath
0%
424 The Great Escape
0%
445 The Great Silence
0%
448 The Intouchables
0%
284 Thelma & Louise
0%
405 The Second Mother
0%
278 The Truman Show
0%
317 The Wild Robot
0%
283 The Young and the Damned
0%
407 Touch of Evil
0%
372 Who Killed Captain Alex?
0%
No matching quizzes found
Score Distribution
Percent of People with Each Score
Percentile by Number Answered
Your Score History
You have not taken this quiz since the last reset